[Event "Titled Tue 1st Jul Early"]
[Site "chess.com INT"]
[Date "2025.07.01"]
[Round "11"]
[White "Dogan, Umut Anil"]
[Black "Rustamov, Rustam"]
[Result "0-1"]
[WhiteTitle "CM"]
[BlackTitle "FM"]
[WhiteElo "2059"]
[BlackElo "2323"]
[WhiteFideId "51618060"]
[BlackFideId "13440110"]
[EventDate "2025.07.01"]

1. d4 Nf6 2. c4 e6 3. Nf3 d5 4. g3 Be7 5. Bg2 O-O 6. O-O dxc4 7. Qc2 a6 8. a4
Nc6 9. Qxc4 Na5 10. Qc2 b6 11. Nc3 Bb7 12. Rd1 Rc8 13. e4 Qe8 14. Bf4 Bb4 15.
Nd2 c5 16. Bd6 Bxc3 17. Qxc3 cxd4 18. Qxd4 Qd8 19. e5 Ne8 20. Bxb7 Nxb7 21. Nc4
Nexd6 22. Nxd6 Nxd6 23. Qxd6 h6 24. a5 bxa5 25. Qxa6 Qg5 26. Qxa5 Rc2 27. b4 h5
28. Ra2 Rxa2 29. Qxa2 Qxe5 30. Qb3 h4 31. b5 h3 32. g4 Qg5 33. Qxh3 Qxb5 34. Qd3
Qg5 35. h3 g6 36. Qe3 Qxe3 37. fxe3 Rc8 38. Kg2 g5 39. Ra1 Kg7 40. Ra3 Kf6 41.
Kg3 Rc2 42. h4 gxh4+ 43. Kxh4 Rg2 44. Kh3 Rg1 45. Ra4 Kg5 46. Rf4 f6 47. Re4 e5
48. Ra4 Re1 49. Ra3 e4 50. Kg3 Rg1+ 51. Kf2 Rxg4 52. Ra8 Rh4 53. Rg8+ Kf5 54.
Kg3 Rh1 55. Kf2 Ra1 56. Rc8 Ra2+ 57. Kg3 Rd2 58. Rc5+ Kg6 59. Kf4 Rf2+ 60. Kxe4
f5+ 61. Kd3 Ra2 62. Rc8 Kf6 63. Rf8+ Ke6 64. Re8+ Kd5 65. Rd8+ Ke5 66. Re8+ Kf6
67. Rf8+ Ke6 68. Re8+ Kf7 69. Rd8 Ra4 70. Ke2 Kf6 71. Kf3 Ke5 72. Re8+ Kf6 73.
Rf8+ Kg6 74. Rg8+ Kf6 75. Rf8+ Ke6 76. Re8+ Kf7 77. Rd8 Rh4 78. Rd4 Rh1 79. Kf4
Ke6 80. Rb4 Rh4+ 81. Kf3 Rxb4 82. e4 Rxe4 0-1

[Event "Titled Tue 1st Jul Early"]
[Site "chess.com INT"]
[Date "2025.07.01"]
[Round "11"]
[White "Moroni, Luca Jr"]
[Black "Skliarov, Viktor"]
[Result "0-1"]
[WhiteTitle "GM"]
[BlackTitle "IM"]
[WhiteElo "2549"]
[BlackElo "2334"]
[WhiteFideId "865834"]
[BlackFideId "14106736"]
[EventDate "2025.07.01"]

1. e4 c5 2. Nf3 Nc6 3. d4 cxd4 4. Nxd4 Nf6 5. Nc3 e5 6. Ndb5 d6 7. Bg5 a6 8. Na3
b5 9. Nd5 Be7 10. Bxf6 Bxf6 11. c3 O-O 12. Nc2 Bg5 13. h4 Bh6 14. g4 Bf4 15. g5
Be6 16. Nce3 Bxe3 17. fxe3 Bxd5 18. Qxd5 Qb6 19. Rh3 b4 20. c4 Ne7 21. Qd2 b3
22. a3 f6 23. O-O-O Rad8 24. gxf6 Rxf6 25. Rg3 Rdf8 26. Be2 Rf2 27. Rdg1 g6 28.
h5 Kg7 29. hxg6 hxg6 30. Kb1 Rh2 31. R3g2 Rf2 32. Rxf2 Rxf2 33. Qd3 a5 34. a4
Qb4 35. Bd1 Qxa4 36. Bxb3 Qb4 37. Bc2 a4 38. Rd1 a3 39. Qxa3 Qxc4 40. Qd3 Qc5
41. Bb3 Rf6 42. Rc1 Qb6 43. Qc4 Rf2 44. Qe6 Qb7 45. Bc2 Ng8 46. Qd5 Qxd5 47.
exd5 Nf6 48. e4 g5 49. b4 g4 50. b5 Nd7 51. Rg1 Rf4 52. Kb2 Kf6 53. Kc3 Nc5 54.
b6 Kg5 55. Kb4 Rf2 56. Bd1 Rb2+ 57. Kc3 Rxb6 58. Rxg4+ Kf6 59. Rh4 Kg5 60. Rg4+
Kf6 61. Bc2 Ra6 62. Rg8 Ra3+ 63. Kd2 Kf7 64. Rh8 Rg3 65. Rh4 Rg2+ 66. Kc3 Re2
67. Bb1 Re1 68. Bd3 Re3 69. Rh6 Ke7 70. Rh7+ Kd8 71. Rh8+ Kc7 72. Rh7+ Kb6 73.
Rh6 Rxd3+ 74. Kc2 Rd4 75. Rxd6+ Kb5 76. Rd8 Nxe4 77. Kb3 Kc5 78. Re8 Kxd5 79.
Kc2 Nd6 80. Re7 Rh4 81. Kd3 Rh3+ 82. Ke2 e4 83. Ra7 Kd4 84. Ra4+ Nc4 0-1

[Event "Titled Tue 1st Jul Early"]
[Site "chess.com INT"]
[Date "2025.07.01"]
[Round "11"]
[White "Povshednyi, Ivan"]
[Black "Liashkevich, Lizaveta"]
[Result "1/2-1/2"]
[WhiteTitle "FM"]
[BlackTitle "WFM"]
[WhiteElo "2307"]
[BlackElo "2204"]
[WhiteFideId "14190907"]
[BlackFideId "13518658"]
[EventDate "2025.07.01"]

1. Nf3 d5 2. g3 e6 3. Bg2 Nf6 4. O-O Be7 5. c4 O-O 6. d3 c5 7. Ne5 Nbd7 8. Nxd7
Bxd7 9. e4 dxe4 10. dxe4 Bc6 11. Qe2 Ne8 12. Nc3 Nc7 13. Rd1 Qc8 14. f4 b6 15.
Be3 Qb7 16. e5 Rad8 17. Bxc6 Qxc6 18. Qg2 Qxg2+ 19. Kxg2 Na6 20. a3 Nb8 21. Kf3
Nc6 22. b3 Na5 23. Rab1 Rxd1 24. Nxd1 Rd8 25. Ke2 h6 26. Nc3 g5 27. Ne4 Nc6 28.
Rd1 Rxd1 29. Kxd1 gxf4 30. gxf4 Kg7 31. Ke2 Kg6 32. Kf3 Na5 33. Nd2 Kf5 34. Bf2
h5 35. h3 Nc6 36. Nf1 f6 37. Ne3+ Kg6 38. f5+ exf5 39. e6 Nd4+ 40. Kg2 Nxe6 41.
Nd5 Bd6 42. Kf3 f4 43. Ke4 f5+ 44. Kf3 Nc7 45. Nc3 Be5 46. Ne2 Ne6 47. Bh4 Nd4+
48. Nxd4 cxd4 49. Ke2 Bf6 50. Bf2 Kf7 51. Kd3 Ke6 52. b4 f3 53. a4 Kd6 54. Bg3+
Kc6 55. Bf2 a5 56. Be1 axb4 57. Bxb4 Be5 58. Be1 Kc5 59. a5 bxa5 60. Bxa5 f2 61.
Ke2 Kxc4 62. Kxf2 Bd6 63. Kf3 Bb4 64. Bb6 d3 65. Be3 d2 66. Ke2 Kc3 67. Bxd2+
Kc4 68. Bxb4 Kxb4 69. Kf3 Kc5 70. Kf4 Kd6 71. Kxf5 Ke7 72. Kg6 Kf8 73. Kh7 Kf7
74. Kh6 h4 75. Kh5 Kg7 76. Kg5 Kh8 77. Kf6 Kh7 78. Kf5 Kh8 79. Kg4 Kh7 80. Kxh4
Kh8 81. Kg4 Kg8 82. h4 Kh7 83. Kh3 Kh8 84. Kg3 Kh7 85. Kg4 Kh8 86. Kf4 Kh7 87.
Kg5 Kh8 88. h5 Kh7 89. Kf5 Kg7 90. Kg4 Kh6 91. Kh4 Kh7 92. Kg3 Kg7 93. Kg4 Kh6
94. Kf4 Kh7 95. Kg5 Kg7 96. h6+ Kh7 97. Kh5 Kh8 98. Kg4 Kh7 99. Kg5 Kh8 100. Kh5
Kh7 101. Kg5 Kh8 102. Kg6 Kg8 103. h7+ Kh8 104. Kf5 Kxh7 1/2-1/2

[Event "Titled Tue 1st Jul Early"]
[Site "chess.com INT"]
[Date "2025.07.01"]
[Round "11"]
[White "Leiva, Gianmarco"]
[Black "Shimanov, Aleksandr"]
[Result "0-1"]
[WhiteTitle "IM"]
[BlackTitle "GM"]
[WhiteElo "2387"]
[BlackElo "2578"]
[WhiteFideId "3804399"]
[BlackFideId "4198603"]
[EventDate "2025.07.01"]

1. e4 c6 2. d4 d5 3. exd5 cxd5 4. Bd3 Nc6 5. c3 Qc7 6. h3 Nf6 7. Nf3 e6 8. O-O
Bd6 9. Re1 O-O 10. Qe2 b6 11. Bg5 Bb7 12. Nbd2 Nd7 13. Bb1 Rfe8 14. Qd3 Nf8 15.
a3 f6 16. Be3 Rad8 17. Ba2 Ne7 18. c4 Qd7 19. Rac1 Nfg6 20. b4 dxc4 21. Bxc4 Rc8
22. Rc2 Bd5 23. Bb5 Bc6 24. Ba6 Rc7 25. Rec1 Nd5 26. Rxc6 Rxc6 27. Rxc6 Qxc6 28.
Bb5 Qc1+ 29. Nf1 Qc8 30. Bxe8 Qxe8 31. Bd2 Nge7 32. Ne3 Qc6 33. Qc4 Qxc4 34.
Nxc4 Bc7 35. Kf1 b5 36. Ne3 Kf7 37. Ne1 Bb6 38. N1c2 Nc6 39. Nxd5 exd5 40. Be3
Ne7 41. Ke2 Nf5 42. Kd3 Nd6 43. Bc1 Nc4 44. Ne3 Ke6 45. g4 g6 46. Ng2 Bc7 47.
Ne1 a5 48. bxa5 Bxa5 49. Nc2 h5 50. f3 h4 51. Ne3 Bc7 52. Ng2 g5 53. f4 Bd8 54.
fxg5 fxg5 55. Ne1 Nd6 56. Nf3 Ne4 57. Ne5 Nf2+ 58. Ke2 Nxh3 59. Kf3 Bf6 60. Kg2
Bxe5 61. Kxh3 Bf6 62. Kg2 Kf7 63. Kf3 Kg6 64. Be3 Be7 65. Bc1 Bd6 66. Kg2 Bf4
67. Bb2 Be3 68. Kh3 Kf7 69. Bc3 Bc1 70. Bb4 Bb2 71. Bc5 Ke6 72. Kg2 Bc1 73. Kf3
Bf4 74. Kg2 Kd7 75. Kh3 Kc6 76. Bb4 Be3 77. Be7 Kb6 78. Bb4 Bxd4 79. Be7 Be3 80.
Bd8+ Kc6 81. Kg2 d4 82. Kf3 Kd5 83. Bb6 Bf4 84. Bd8 d3 85. Ba5 d2 86. Ke2 h3 87.
Bxd2 Bxd2 88. Kxd2 h2 0-1

[Event "Titled Tue 1st Jul Early"]
[Site "chess.com INT"]
[Date "2025.07.01"]
[Round "11"]
[White "Ankit Ray"]
[Black "Iskusnyh, Sergei"]
[Result "1/2-1/2"]
[WhiteTitle "FM"]
[BlackTitle "GM"]
[WhiteElo "2248"]
[BlackElo "2440"]
[WhiteFideId "25770624"]
[BlackFideId "4120027"]
[EventDate "2025.07.01"]

1. Nf3 d5 2. g3 Nf6 3. Bg2 c6 4. O-O Bf5 5. d3 e6 6. c4 Be7 7. cxd5 exd5 8. Nc3
O-O 9. Nh4 Be6 10. e4 dxe4 11. dxe4 Na6 12. Nf5 Bxf5 13. exf5 Qxd1 14. Rxd1 Rfd8
15. Bf4 h6 16. a3 Nc5 17. Bf1 Nb3 18. Rab1 Nd4 19. Bd3 Rd7 20. Be3 Rad8 21. Bxd4
Rxd4 22. Bc2 Rd2 23. Bb3 Bc5 24. Rf1 R8d3 25. Rbd1 Bb6 26. Bc4 Rd4 27. b3 Ng4
28. Rxd2 Rxd2 29. Ne4 Ra2 30. a4 Bd4 31. h3 Ne5 32. Nd6 Nxc4 33. Nxc4 b5 34.
axb5 cxb5 35. Nd6 b4 36. Ne4 Re2 37. Nd6 a5 38. Kg2 Rb2 39. Nc4 Rxb3 40. Nxa5
Rb2 41. Nc6 Bc5 42. Ne5 Rc2 43. Nd3 Bd6 44. Rb1 Rc4 45. Kf3 Kf8 46. Ke3 Ke7 47.
f4 Kd7 48. Kd2 Kc6 49. Rc1 Kd5 50. Rxc4 Kxc4 51. Nb2+ Kd4 52. Kc2 Ke4 53. Nc4
Bc7 54. Kb3 Kf3 55. Ne5+ Kxg3 56. Nxf7 Kxf4 57. f6 gxf6 58. Nxh6 Bd6 59. Nf7 Bf8
60. Nd8 Ke5 61. Nc6+ Ke4 62. Nxb4 Bxb4 63. Kxb4 f5 64. h4 f4 65. h5 Kf5 66. Kc4
Kg5 67. Kd3 Kxh5 68. Ke2 Kg4 69. Kf2 f3 70. Kf1 Kf4 71. Kf2 Ke4 72. Kf1 Kf5 73.
Kf2 Kf4 74. Kf1 Ke3 75. Ke1 1/2-1/2

[Event "Titled Tue 1st Jul Early"]
[Site "chess.com INT"]
[Date "2025.07.01"]
[Round "11"]
[White "Shandrygin, Nikita"]
[Black "Erten, Kerem"]
[Result "0-1"]
[WhiteTitle "FM"]
[BlackTitle "FM"]
[WhiteElo "2209"]
[BlackElo "2374"]
[WhiteFideId "24198668"]
[BlackFideId "34588221"]
[EventDate "2025.07.01"]

1. Nf3 Nf6 2. d4 g6 3. g3 Bg7 4. Bg2 O-O 5. O-O d6 6. c4 Nbd7 7. Nc3 e5 8. e4 c6
9. Re1 Re8 10. h3 a5 11. b3 Qb6 12. Bb2 exd4 13. Nxd4 d5 14. cxd5 cxd5 15. Na4
Qd6 16. exd5 Rxe1+ 17. Qxe1 Nf8 18. Nb5 Qd8 19. d6 Bd7 20. Nc7 Rb8 21. Nc5 b6
22. Nd3 Bf5 23. Nf4 Qxd6 24. Be5 Qe7 25. g4 Be4 26. Bxf6 Qxf6 27. Rd1 Qxf4 28.
Bxe4 Qxc7 29. Bd5 Qe5 30. Qd2 Ne6 31. Bc4 Nd4 32. Qd3 Re8 33. Kf1 Qh2 34. Qg3
Qh1+ 35. Qg1 Qxh3+ 36. Qg2 Qxg2+ 37. Kxg2 h6 38. a4 Kf8 39. Rd3 f5 40. gxf5 Nxf5
41. Rf3 Rd8 42. Be6 Ke7 43. Bxf5 gxf5 44. Rxf5 Rd6 45. Rb5 Bd4 46. Rh5 Rf6 47.
f3 Bc5 48. Kg3 Kf7 49. Kg4 Kg6 50. Rd5 Be3 51. Rd3 Bg5 52. Rd5 Rf4+ 53. Kg3 Rb4
54. Rd3 Bf6 55. Kf2 Kf5 56. Ke2 h5 57. Kf2 h4 58. Kg2 Be5 59. Kh3 Bg3 60. Rc3
Ke5 61. Rd3 Rd4 62. Re3+ Kf4 63. Rc3 Rd2 64. Rc4+ Kxf3 65. Rc3+ Kf4 66. Rc4+ Ke3
67. b4 axb4 68. Rxb4 Rd6 69. Rb5 Be1 70. Re5+ Kd2 71. a5 Bg3 72. Rb5 bxa5 73.
Rxa5 Ke3 74. Ra3+ Ke4 75. Ra4+ Kf3 76. Ra3+ Ke4 77. Ra4+ Kf5 78. Ra5+ Kg6 79.
Kg4 Rd4+ 80. Kh3 Rd1 81. Kg4 Rh1 82. Ra6+ Kf7 83. Ra3 Ke6 84. Re3+ Be5 85. Rh3
Rg1+ 86. Kxh4 Bf6+ 87. Kh5 Rg8 88. Re3+ Kf5 89. Rf3+ Ke5 90. Re3+ Kf4 91. Re6
Kf5 92. Re1 Rh8# 0-1

[Event "Titled Tue 1st Jul Early"]
[Site "chess.com INT"]
[Date "2025.07.01"]
[Round "11"]
[White "Lyakh, Vasiliy"]
[Black "Bashirli, Saadat"]
[Result "1-0"]
[BlackTitle "WCM"]
[WhiteElo "2123"]
[BlackElo "2005"]
[WhiteFideId "14189828"]
[BlackFideId "13429990"]
[EventDate "2025.07.01"]

1. d4 d5 2. c4 e6 3. Nc3 c6 4. e4 dxe4 5. Nxe4 Bb4+ 6. Bd2 Qxd4 7. Bxb4 Qxe4+ 8.
Ne2 Na6 9. Bf8 Qg6 10. Qd6 Bd7 11. O-O-O O-O-O 12. Qd4 e5 13. Qd6 Qxd6 14. Bxd6
f6 15. Nc3 Nh6 16. f3 Nf5 17. Ba3 Be6 18. b3 Ne3 19. Rxd8+ Rxd8 20. Be2 g6 21.
Be7 Re8 22. Bxf6 Nxg2 23. Bxe5 Bxc4 24. Bxc4 Rxe5 25. Bxa6 bxa6 26. Kd2 Nf4 27.
Ne4 Rd5+ 28. Ke3 g5 29. Nxg5 Ng2+ 30. Kf2 Rxg5 31. Rg1 Ra5 32. Kxg2 Rxa2+ 33.
Kg3 Rb2 34. Rc1 Kd7 35. Rc3 a5 36. h4 Kd6 37. f4 Rb1 38. Kg4 c5 39. Kf5 Rf1 40.
Kg5 Rg1+ 41. Kf5 Kc6 42. h5 Kb5 43. h6 Kb4 44. Re3 a4 45. bxa4 Kxa4 46. Re7 Kb3
47. Rxh7 Rh1 48. Kg5 c4 49. Rxa7 Rg1+ 50. Kf6 Rh1 51. Kg7 c3 52. f5 Rh3 53. Rc7
Rg3+ 54. Kh7 Rf3 55. Kg6 Rg3+ 56. Kf6 Rh3 57. h7 c2 58. Kg7 Rg3+ 59. Kf7 Rh3 60.
Kg8 Rg3+ 61. Kh8 Rc3 62. Rxc3+ Kxc3 63. Kg8 c1=Q 64. h8=Q+ Kd3 65. Qg7 Qc8+ 66.
Qf8 Qc4+ 67. Qf7 Qg4+ 68. Kf8 Qg5 69. f6 Qc5+ 70. Qe7 Qc8+ 71. Kg7 Qg4+ 72. Kf7
Qh5+ 73. Kf8 Qh8+ 74. Kf7 Qh7+ 75. Ke6 Qe4+ 76. Kd7 Qb7+ 77. Kd6 Qb4+ 78. Ke5
Qd4+ 79. Kf5 Qd5+ 80. Qe5 Qf3+ 81. Kg6 Qg4+ 82. Qg5 Qd4 83. f7 Qd6+ 84. Qf6 Qf8
85. Qg7 Qd6+ 86. Kh7 Qe6 87. f8=Q Qh3+ 88. Qh6 Qd7+ 89. Qfg7 Qe6 90. Qxe6 Kc2
91. Qgd7 Kb2 92. Qec6 Ka2 93. Qdb7 Ka1 94. Qca6# 1-0

[Event "Titled Tue 1st Jul Early"]
[Site "chess.com INT"]
[Date "2025.07.01"]
[Round "11"]
[White "Ramiro Ovejero, Juan Luis"]
[Black "Fedorov, Artem Alek"]
[Result "1-0"]
[WhiteTitle "IM"]
[BlackTitle "CM"]
[WhiteElo "2334"]
[BlackElo "2157"]
[WhiteFideId "2210436"]
[BlackFideId "34418431"]
[EventDate "2025.07.01"]

1. e4 c5 2. Nf3 e6 3. d3 Nc6 4. g3 Nf6 5. Bg2 d5 6. Qe2 Be7 7. O-O O-O 8. e5 Ne8
9. c4 Nc7 10. Re1 a6 11. Nc3 b5 12. b3 Bb7 13. h4 f6 14. Bf4 fxe5 15. Bxe5 Nxe5
16. Nxe5 Bf6 17. Rac1 b4 18. Na4 Qe7 19. Qe3 d4 20. Qe2 Bxg2 21. Kxg2 Qd6 22.
Qe4 Rac8 23. f4 Ne8 24. Ng4 Nc7 25. Rc2 a5 26. Rce2 Rf7 27. Ne5 Rff8 28. Qb7 Rb8
29. Qf3 Bxe5 30. Rxe5 Rf5 31. Rxf5 exf5 32. Re5 Re8 33. Rxe8+ Nxe8 34. Qa8 Kf8
35. Qf3 Nf6 36. Kf1 Ng4 37. Ke1 Qe7+ 38. Qe2 Ne3 39. Kd2 Qb7 40. Nb2 Qh1 41. Nd1
Nxd1 42. Qxd1 Qg2+ 43. Qe2 Qxg3 44. Qe5 Qf2+ 45. Kd1 Qf3+ 46. Kc2 Qg2+ 47. Kc1
Qh1+ 48. Kc2 Qxh4 49. Qxc5+ Qe7 50. Qxf5+ Kg8 51. Qd5+ Kf8 52. Qxd4 Qe2+ 53. Kc1
Qe1+ 54. Kc2 Qe2+ 55. Kc1 Qe1+ 56. Kb2 Qd2+ 57. Kb1 Qd1+ 58. Kb2 Qd2+ 59. Kb1 h5
60. Qd8+ Kf7 61. Qd5+ Kf6 62. Qg5+ Ke6 63. Qg6+ Kd7 64. Qxg7+ Kc6 65. Qg6+ Kb7
66. Qf7+ Ka6 67. Qe6+ Ka7 68. Qe7+ Ka6 69. Qe6+ Ka7 70. Qd7+ Ka6 71. Qb5+ Ka7
72. Qxa5+ Kb7 73. Qd5+ Kc7 74. Qe5+ Kb7 75. Qe4+ Ka7 76. Qh7+ Ka6 77. Qh6+ Ka7
78. Qh7+ Ka6 79. Qxh5 Qxd3+ 80. Kc1 Qf1+ 81. Kc2 Qf2+ 82. Kd3 Qxf4 83. Qb5+ Ka7
84. Qa5+ Kb7 85. Qxb4+ Ka7 86. Qc5+ Kb7 87. Qd5+ Kc8 88. Qd4 Qf3+ 89. Kc2 Qe2+
90. Kc3 Qe1+ 91. Qd2 Qa1+ 92. Kb4 Qe5 93. Qd5 Qe1+ 94. Kb5 Qe8+ 95. Qc6+ Qxc6+
96. Kxc6 Kd8 97. b4 Ke7 98. a4 Kf6 99. c5 Ke6 100. b5 Ke5 101. a5 Kd4 102. a6
Kc4 103. a7 Kb4 104. b6 Kc4 105. b7 Kd4 106. Kb6 Ke4 107. c6 Ke3 108. c7 Kf2
109. c8=Q Kf1 110. b8=Q Ke2 111. a8=Q Kf2 112. Qf5+ Ke2 113. Qh2+ Ke3 114. Qa3+
Kd4 115. Qd2+ Kc4 116. Qe6# 1-0

[Event "Titled Tue 1st Jul Early"]
[Site "chess.com INT"]
[Date "2025.07.01"]
[Round "11"]
[White "Preobrazhenskaya, Diana"]
[Black "Shukhman, Anna"]
[Result "1/2-1/2"]
[WhiteTitle "WFM"]
[BlackTitle "WGM"]
[WhiteElo "2029"]
[BlackElo "2416"]
[WhiteFideId "34270566"]
[BlackFideId "54180058"]
[EventDate "2025.07.01"]

1. e4 c5 2. Nf3 d6 3. d4 cxd4 4. Nxd4 Nf6 5. Nc3 g6 6. Be3 Nc6 7. f3 h5 8. Bc4
Bd7 9. Qd2 Bg7 10. O-O-O Na5 11. Bd3 Rc8 12. h3 h4 13. f4 Rh5 14. Rhe1 Nc4 15.
Bxc4 Rxc4 16. Qd3 Rxc3 17. bxc3 Qa5 18. Kb2 Bb5 19. c4 Bc6 20. e5 dxe5 21. Nxc6
bxc6 22. fxe5 Rxe5 23. Bd2 Qb6+ 24. Qb3 Rxe1 25. Bxe1 Ne4+ 26. Kb1 Qc7 27. Qd3
Nc5 28. Qe3 Qb6+ 29. Kc1 Qb2+ 30. Kd2 Bd4 31. Qf3 Qb4+ 32. Ke2 Qxc4+ 33. Kd2
Qb4+ 34. Ke2 Qc4+ 35. Kd2 Na4 36. Rb1 Bc3+ 37. Kd1 Qd4+ 38. Qd3 Qxd3+ 39. cxd3
Bxe1 40. Kxe1 Nb6 41. Rc1 Kd7 42. a4 g5 43. a5 Nd5 44. Rb1 Kc7 45. Kd2 e5 46.
Rf1 f6 47. Rf2 Kb7 48. Rf3 Ka6 49. g3 hxg3 50. Rxg3 Kxa5 51. Rg1 Kb6 52. Rb1+
Kc7 53. Ra1 Kb7 54. Rb1+ Nb6 55. Rf1 Nd5 56. Rb1+ Ka6 57. Ra1+ Kb6 58. Rb1+ Kc5
59. Ra1 Nf4 60. Rxa7 Kd6 61. Rh7 Ke6 62. h4 g4 63. Rg7 Kf5 64. Ke3 Nh5 65. Ra7
g3 66. Kf3 Kg6 67. Ra6 Nf4 68. Kxg3 Nxd3 69. Rxc6 Nb4 70. Rc4 Nd5 71. Rg4+ Kh5
72. Rg8 Nf4 73. Rh8+ Kg6 74. Rg8+ Kh5 75. Rf8 Kg6 76. Ra8 Kf5 77. Ra6 Ne6 78. h5
Nd4 79. h6 Kg6 80. h7 Kxh7 81. Rxf6 Kg7 82. Ra6 Kf7 83. Kf2 Ke7 84. Ke3 Nf5+ 85.
Ke4 Nd6+ 86. Kxe5 Nf7+ 87. Kd5 Kf8 88. Re6 Kg7 89. Ra6 Ng5 90. Ke5 Nf7+ 91. Kf5
Nh6+ 92. Ke6 Kg6 93. Ra5 Nf7 94. Ra1 Ng5+ 95. Ke5 Nf7+ 96. Kf4 Kf6 97. Ra6+ Ke7
98. Kf5 Nd6+ 99. Ke5 Nf7+ 100. Kd5 Kf8 101. Ke6 Ng5+ 102. Kf6 Ne4+ 103. Kg6 Ke7
104. Kf5 Nd6+ 105. Kf4 Ke6 106. Ke3 Ke5 107. Ra5+ Ke6 108. Kd4 Nf5+ 109. Ke4
Nd6+ 110. Kf4 Kd7 111. Rh5 Ke6 112. Rh6+ Kd5 113. Rf6 Kc5 114. Ke5 Nc4+ 115. Ke6
Kd4 116. Rf5 Ne3 117. Ra5 Nc4 118. Rd5+ Ke4 119. Rh5 Ne3 120. Rh4+ Kd3 121. Ke5
Nc4+ 122. Kd5 Ne3+ 123. Kc5 Ke2 124. Ra4 Kd3 125. Rb4 Nc2 126. Rh4 Ne3 127. Kb4
Nc2+ 128. Kb3 Nd4+ 129. Kb2 Kc4 130. Re4 Kd5 131. Rg4 Kc4 132. Rg5 Nb5 133. Rg8
Nd4 134. Rc8+ Kd5 135. Kc3 Nf5 136. Kd3 1/2-1/2